| 000 | 01589cam a22003857a 4500 | ||
|---|---|---|---|
| 001 | 16739094 | ||
| 003 | PILC | ||
| 005 | 20151203135436.0 | ||
| 008 | 110418s2012 maua 001 0 eng d | ||
| 010 | _a 2011927627 | ||
| 015 |
_aGBB134243 _2bnb |
||
| 016 | 7 |
_a015771898 _2Uk |
|
| 020 | _a9781111825911 (pbk.) | ||
| 020 | _a9789814410014 | ||
| 035 | _a(OCoLC)ocn752997668 | ||
| 040 |
_aUKMGB _cUKMGB _dTXI _dBTCTA _dTUU _dTOH _dYDXCP _dBWX _dDLC |
||
| 042 | _alccopycat | ||
| 050 | 0 | 0 |
_aQA 76.9.D3 _b.P913 2012 |
| 082 | 0 | 4 | _a005.756 |
| 100 | 1 |
_aPratt, Philip J., _d1945- |
|
| 245 | 1 | 0 |
_aConcepts of database management / _cPhilip J. Pratt, Joseph J. Adamski. |
| 250 | _a7th edition. | ||
| 260 |
_aBoston, Mass. : _bCourse Technology, _c2012. |
||
| 300 |
_axv, 415 pages : _billustrations ; _c28 cm. |
||
| 500 | _aPrevious ed.: Clifton Park, N.Y.: Thomson Delmar Learning, 2008. | ||
| 500 | _aIncludes appendix, glossary and index. | ||
| 505 | 0 | _aIntroduction to database management -- Relational model1: introduction, QBE, and relational algebra -- Retational model 2: SQL -- Relational model 3: advanced topics -- Database design 1: normalization -- Database design 2: design method -- DBMS functions -- Database administration -- Database management approaches. | |
| 650 | 0 | _aDatabase management. | |
| 650 | 0 | _aRelational databases. | |
| 700 | 1 |
_aAdamski, Joseph J., _d1945- |
|
| 906 |
_a7 _bcbc _ccopycat _d2 _eepcn _f20 _gy-gencatlg |
||
| 942 |
_2lcc _cBK _kFOR |
||
| 999 |
_c289007 _d289007 |
||